Translate these Irish words to English - Statistics

General Stats
  • This quiz has been taken 65 times
  • The average score is 11 of 20
Answer Stats
Irish English % Correct
Éire Ireland
96%
Uisce Water
76%
Dia duit Hello
73%
Scoil School
73%
Fear Man
71%
Béarla English
65%
Póg Kiss
63%
Glas Green
61%
Cow
55%
Tír Country
51%
Sásta Happy
51%
Rith Run
51%
Baile Town
51%
Trá Beach
49%
Duine Person
49%
Eolaíocht Science
33%
Féar Grass
31%
Dán Poem
27%
Caora Sheep
20%
Adhmaid Wood
18%
No matching quizzes found
Score Distribution
Percent of People with Each Score
Percentile by Number Answered
Your Score History
You have not taken this quiz